| 000 | 00527nam a2200181Ia 4500 | ||
|---|---|---|---|
| 008 | 151018s9999 xx 000 0 und d | ||
| 082 |
_bRBASDV4222 _a891.464 |
||
| 100 | _aवा शि आपटे | ||
| 245 | _aविक्रिकला | ||
| 250 | _b1 | ||
| 260 |
_bउद्यम प्रकाशन _c1969 |
||
| 300 | _a69 | ||
| 600 | _aवा शि आपटे | ||
| 630 | _aविक्रिकला | ||
| 700 | _aवा शि आपटे | ||
| 730 | _aविक्रिकला | ||
| 942 | _cBOOK | ||
| 999 |
_c1006622 _d1006619 |
||